| 000 | 00535nam a22001817a 4500 | ||
|---|---|---|---|
| 005 | 20221014063517.0 | ||
| 008 | 221014b |||||||| |||| 00| 0 eng d | ||
| 020 | _a978-1-119-48901-6 | ||
| 082 | _a639.8 L536 2020 | ||
| 100 |
_aLekang, Odd-Ivar _eauthor |
||
| 245 |
_aAquaculture engineering / _cOdd-Ivar Lekang |
||
| 250 | _a3rd ed. | ||
| 260 |
_aWest Sussex, Uk: _bJohn Wiley, _cc2020. |
||
| 300 |
_axvii, 525p.: _bill. |
||
| 500 | _aIncludes bibliographical references and index | ||
| 541 | _e6973 | ||
| 650 | _aAquacultural engineering | ||
| 999 |
_c30 _d30 |
||